Chinese Words You Probably Know Quiz Stats

Quiz Updated Jul 22, 2016

Challenge
Share
Tweet
Embed
Score 0/20 Timer 05:00
13 Plays Today
% Correct
Typhoon
92.9%
Wok
91%
Mahjong
90.5%
Feng Shui
89.6%
Tai Chi
89.4%
Yang
86.9%
Kung Fu
86.3%
Wonton
86%
Bok Choy
84.2%
Chow Chow
83.9%
% Correct
Kumquat
82.5%
Gung Ho
81.4%
Oolong
79.5%
Lychee
72.8%
Hoisin
70%
Pinyin
49.6%
Sampan
41.7%
Taipan
30.6%
Pongee
30.3%
Cumshaw
22.7%

You're not logged in!

Compare scores with friends on all Sporcle quizzes.
Sign Up with Email
OR
Log In

You Might Also Like...

Show Comments

Extras

Top Quizzes Today


Score Distribution

Your Account Isn't Verified!

In order to create a playlist on Sporcle, you need to verify the email address you used during registration. Go to your Sporcle Settings to finish the process.